| 000 | 00449nmm a22001577a 4500 | ||
|---|---|---|---|
| 005 | 20220620083538.0 | ||
| 008 | 150728b xxu||||| |||| 00| 0 spa d | ||
| 041 | _aspa | ||
| 082 | _aMD 220 | ||
| 100 |
_aSánchez Escamilla, Briann _94471 |
||
| 245 | _aInforme de Práctica Supervisada realizado en el Laboratorio María Auxiliadora | ||
| 260 | _c2014 | ||
| 650 |
_aCOSTA RICA _963832 |
||
| 650 |
_aPRÓTESIS REMOVIBLE METÁLICA _94472 |
||
| 942 | _cIP | ||
| 999 |
_c6910 _d6910 |
||